Cesta do pravěku : dávný svět v obrazech Zdeňka Buriana /

Hlavní autor: Záruba, Bořivoj, 1939-
Další autoři: Burian, Zdeněk, 1905-1981
Jazyk: Čeština
Vydáno: Praha : Granit, 1996
Vydání: Vyd. 2.
Témata:
Fyzický popis: 159 s. : il. ; 30 cm
Knihy
Uloženo v:
LEADER 01179nam a2200349 a 4500
001 000113751
003 CZ BrMZK
005 20080207132912.0
007 ta
008 950313s1996 xr e f cze d
015 |a cnb000106819 
020 |a 80-85805-50-2 
035 |a (OCoLC)37249995 
040 |a BOA001  |b cze 
080 |a 56:574  |2 MRF 
080 |a 562/564  |2 MRF 
080 |a (0.062)  |2 MRF 
080 |a (084.11)  |2 MRF 
100 1 |a Záruba, Bořivoj,  |d 1939-  |7 jn20010310159  |4 aut 
245 1 0 |a Cesta do pravěku :  |b dávný svět v obrazech Zdeňka Buriana /  |c [text] Bořivoj Záruba ; [ilustrace] Zdeněk Burian 
250 |a Vyd. 2. 
260 |a Praha :  |b Granit,  |c 1996 
300 |a 159 s. :  |b il. ;  |c 30 cm 
500 |a Bibliogr. 
650 0 7 |a paleoekologie  |7 ph115646  |2 czenas 
650 0 7 |a fosilní živočichové  |7 ph114575  |2 czenas 
655 7 |a populárně-naučné publikace  |7 fd131864  |2 czenas 
655 7 |a obrazové publikace  |7 fd132947  |2 czenas 
700 1 |a Burian, Zdeněk,  |d 1905-1981  |7 jk01020396  |4 ill 
910 |a BOA001  |b 4-1027.532 
990 |a BK 
996 6 |b 2610045350  |c 4-1027.532  |l MZK  |r Sklad / do 1 hodiny  |n 2  |p p.v.  |w 000113751  |u 000010  |a 1  |e BOA001  |j MZK50  |s P